<?xml version="1.0" encoding="UTF-8"?>
<record
    xmlns:xsi="http://www.w3.org/2001/XMLSchema-instance"
    xsi:schemaLocation="http://www.loc.gov/MARC21/slim http://www.loc.gov/standards/marcxml/schema/MARC21slim.xsd"
    xmlns="http://www.loc.gov/MARC21/slim">

  <leader>01416cam a2200277   4500500</leader>
  <controlfield tag="005">20251228065616.0</controlfield>
  <datafield tag="041" ind1=" " ind2=" ">
    <subfield code="a">fre</subfield>
  </datafield>
  <datafield tag="042" ind1=" " ind2=" ">
    <subfield code="a">dc</subfield>
  </datafield>
  <datafield tag="100" ind1="1" ind2="0">
    <subfield code="a">Benedetti, Agn&#xE8;s</subfield>
    <subfield code="e">author</subfield>
  </datafield>
  <datafield tag="245" ind1="0" ind2="0">
    <subfield code="a">Peut-on poursuivre sa cure sous&#x202F;confinement&#x2005;? Le d&#xE9;sir en question</subfield>
  </datafield>
  <datafield tag="260" ind1=" " ind2=" ">
    <subfield code="c">2021.
							</subfield>
  </datafield>
  <datafield tag="500" ind1=" " ind2=" ">
    <subfield code="a">36</subfield>
  </datafield>
  <datafield tag="520" ind1=" " ind2=" ">
    <subfield code="a">Dans cet article, je tente de rendre compte de ce que l&#x2019;&#xE9;preuve du confinement a pu produire de modification dans ma pratique et des questions &#xE9;thiques, cliniques et techniques subs&#xE9;quentes. L&#x2019;affaire s&#x2019;ouvre par la question de l&#x2019;acte, puisqu&#x2019;il s&#x2019;est agi de choisir entre suspendre les consultations ou les poursuivre &#xE0; distance. Cons&#xE9;quemment ont eu &#xE0; se traiter ce qui du dispositif de la cure a &#xE9;t&#xE9; bouscul&#xE9; et les effets sur la pratique, sur les cures en cours, r&#xE9;sonnant aux questions politiques soulev&#xE9;es au c&#x153;ur et &#xE0; l&#x2019;ext&#xE9;rieur de la communaut&#xE9; des analystes.</subfield>
  </datafield>
  <datafield tag="690" ind1=" " ind2=" ">
    <subfield code="a">Acte</subfield>
  </datafield>
  <datafield tag="690" ind1=" " ind2=" ">
    <subfield code="a">d&#xE9;placement</subfield>
  </datafield>
  <datafield tag="690" ind1=" " ind2=" ">
    <subfield code="a">d&#xE9;sir</subfield>
  </datafield>
  <datafield tag="690" ind1=" " ind2=" ">
    <subfield code="a">discours et v&#xE9;rit&#xE9;</subfield>
  </datafield>
  <datafield tag="690" ind1=" " ind2=" ">
    <subfield code="a">dispositif</subfield>
  </datafield>
  <datafield tag="690" ind1=" " ind2=" ">
    <subfield code="a">pratique</subfield>
  </datafield>
  <datafield tag="690" ind1=" " ind2=" ">
    <subfield code="a">psychanalyse et politique</subfield>
  </datafield>
  <datafield tag="690" ind1=" " ind2=" ">
    <subfield code="a">r&#xEA;ve</subfield>
  </datafield>
  <datafield tag="690" ind1=" " ind2=" ">
    <subfield code="a">silence</subfield>
  </datafield>
  <datafield tag="690" ind1=" " ind2=" ">
    <subfield code="a">t&#xE9;l&#xE9;consultation</subfield>
  </datafield>
  <datafield tag="786" ind1="0" ind2=" ">
    <subfield code="n">VST - Vie sociale et traitements | 149 | 1 | 2021-02-22 | p. 17-23 | 0396-8669</subfield>
  </datafield>
  <datafield tag="856" ind1="4" ind2="1">
    <subfield code="u">https://shs.cairn.info/revue-vie-sociale-et-traitements-2021-1-page-17?lang=fr&amp;redirect-ssocas=7080</subfield>
  </datafield>
  <datafield tag="999" ind1=" " ind2=" ">
    <subfield code="c">1591868</subfield>
    <subfield code="d">1591868</subfield>
  </datafield>
</record>
